| 000 | 00607nam a22001817a 4500 | ||
|---|---|---|---|
| 999 |
_c186518 _d186518 |
||
| 005 | 20220420142657.0 | ||
| 010 | _aENG-131875 | ||
| 020 |
_a9789389253207 _c450.00 |
||
| 035 | _aEN-115407 | ||
| 037 | _bDBAD/PUB | ||
| 082 |
_a880 _b1 |
||
| 100 | _aRajeevan, Thachom Poyil | ||
| 245 |
_aThe man who learnt to fly but could not land/ _cThachom Poyil Rajeevan |
||
| 260 |
_bHachette book Publishing India pvt. Ltd _aGurugram _c2020 |
||
| 270 |
_a4th &5th Floors, Corporate Center plot no. 94 Sector 44, _bGurugram _e122003 |
||
| 300 |
_avii,328p. _c20cm(Pbk) |
||
| 942 |
_2ddc _cEN _h880 _mRAJ |
||